[Event "Paleochora op 11th"]
[Site "Paleochora"]
[Date "2018.07.21"]
[Round "5"]
[White "Moshovakis, Aggelos"]
[Black "De Wachter, Matthias"]
[Result "0-1"]
[WhiteElo "1964"]
[BlackElo "2363"]
[PlyCount "66"]
[EventDate "2018.07.18"]
[EventType "swiss"]
[EventRounds "9"]
[EventCountry "GRE"]
[SourceTitle "CBM 186 Extra"]
[Source "ChessBase"]
[SourceDate "2018.08.24"]
[SourceVersion "1"]
[SourceVersionDate "2018.08.24"]
[SourceQuality "1"]

1. e4 c6 2. d4 d5 3. Nc3 dxe4 4. Nxe4 Nd7 5. Nf3 Ngf6 6. Ng3 e6 7. Bd3 c5 8. c3 cxd4 9. Nxd4 Bc5 10. Nb3 Bd6 11. Ne4 Nxe4 12. Bxe4 Qc7 13. h3 Nf6 14. Bf3 h6 15. 0-0 0-0 16. Be3 e5 17. Qc2 Be6 18. Rad1 Rfd8 19. Rd2 Be7 20. Rfd1 Rxd2 21. Rxd2 Rc8 22. Qd3 a6 23. Qb1 b5 24. Nc1 b4 25. Ne2 a5 26. Rd1 Bc4 27. Re1 Qb8 28. Bd2 Rd8 29. Be3 e4 30. Bxe4 Bxe2 31. Rxe2 Nxe4 32. Bd4 f5 33. f3 bxc3 0-1

[Event "Paleochora op 11th"]
[Site "Paleochora"]
[Date "2018.07.19"]
[Round "3"]
[White "Moshovakis, Aggelos"]
[Black "Worek, Joanna"]
[Result "0-1"]
[WhiteElo "1964"]
[BlackElo "2298"]
[PlyCount "118"]
[EventDate "2018.07.18"]
[EventType "swiss"]
[EventRounds "9"]
[EventCountry "GRE"]
[SourceTitle "CBM 186 Extra"]
[Source "ChessBase"]
[SourceDate "2018.08.24"]
[SourceVersion "1"]
[SourceVersionDate "2018.08.24"]
[SourceQuality "1"]

1. e4 c5 2. Nf3 Nc6 3. Bb5 g6 4. 0-0 Bg7 5. Re1 e5 6. d3 Nge7 7. Be3 d6 8. Bc4 h6 9. Qc1 Bg4 10. Nfd2 Qd7 11. f3 Be6 12. Nf1 f5 13. c3 f4 14. Bf2 g5 15. Nbd2 h5 16. Nb3 g4 17. Bxe6 Qxe6 18. Qd1 b6 19. d4 Nd8 20. Qe2 Nf7 21. Qb5+ Kf8 22. Qe2 Ng6 23. Nfd2 Bf6 24. Qc4 Qxc4 25. Nxc4 Ke7 26. dxc5 dxc5 27. Rad1 gxf3 28. gxf3 Ng5 29. Kg2 Rhg8 30. Nd6 Nh8 31. Nf5+ Kf8 32. Bh4 Ng6 33. Bxg5 Bxg5 34. Kf1 c4 35. Nd2 b5 36. a4 a6 37. Ra1 Rd8 38. Red1 Ne7 39. axb5 axb5 40. Ra5 Nxf5 41. exf5 Rd5 42. Raa1 Rd3 43. Ra5 Kf7 44. Rxb5 Rgd8 45. Ke2 e4 46. Rb7+ Kf8 47. fxe4 Re3+ 48. Kf2 Bh4+ 49. Kf1 f3 50. Ra1 Rxd2 51. Ra8+ Bd8 52. Rbb8 Ke8 53. f6 Red3 54. e5 Kf7 55. Rb7+ Ke6 56. Rxd8 Rxd8 57. Re7+ Kf5 58. f7 Rxb2 59. Ke1 f2+ 0-1

[Event "GRE-chT 46th"]
[Site "Rio Achaia"]
[Date "2018.07.15"]
[Round "7.5"]
[White "Moshovakis, Aggelos"]
[Black "Tsekmes, Dimitrios"]
[Result "1-0"]
[WhiteElo "1964"]
[BlackElo "2170"]
[PlyCount "83"]
[EventDate "2018.07.10"]
[EventType "team"]
[EventRounds "7"]
[EventCountry "GRE"]
[SourceTitle "CBM 185 Extra"]
[Source "ChessBase"]
[SourceDate "2018.07.29"]
[SourceVersion "1"]
[SourceVersionDate "2018.07.29"]
[SourceQuality "1"]
[WhiteTeam "Chania OA"]
[BlackTeam "Nepolis"]
[WhiteTeamCountry "GRE"]
[BlackTeamCountry "GRE"]

1. e4 e5 2. Nf3 Nc6 3. Bc4 Bc5 4. 0-0 Nf6 5. d3 0-0 6. Re1 d5 7. exd5 Nxd5 8. Nxe5 Bxf2+ 9. Kxf2 Nxe5 10. Rxe5 Qh4+ 11. Kf1 Qf6+ 12. Qf3 Qxe5 13. Bxd5 c6 14. Bb3 Qxh2 15. Be3 Be6 16. Nd2 Qh1+ 17. Bg1 Rfe8 18. Qg3 Bxb3 19. axb3 h6 20. Qh2 Qxh2 21. Bxh2 a6 22. Ne4 f6 23. Nc5 Re7 24. Bd6 Rf7 25. Ra4 Rd8 26. Bg3 Re8 27. Rb4 b5 28. Rd4 Rfe7 29. Ne4 c5 30. Nxc5 Re2 31. Rd8 Rxd8 32. Kxe2 g5 33. Nxa6 Kf7 34. Nc7 f5 35. Nxb5 f4 36. Bf2 Kg6 37. c4 g4 38. c5 Re8+ 39. Kf1 g3 40. c6 gxf2 41. c7 Rc8 42. d4 1-0

[Event "GRE-chT 46th"]
[Site "Rio Achaia"]
[Date "2018.07.11"]
[Round "3.4"]
[White "Moshovakis, Aggelos"]
[Black "Tsaknakis, Zisis"]
[Result "0-1"]
[WhiteElo "1964"]
[BlackElo "2170"]
[PlyCount "132"]
[EventDate "2018.07.10"]
[EventType "team"]
[EventRounds "7"]
[EventCountry "GRE"]
[SourceTitle "CBM 185 Extra"]
[Source "ChessBase"]
[SourceDate "2018.07.29"]
[SourceVersion "1"]
[SourceVersionDate "2018.07.29"]
[SourceQuality "1"]
[WhiteTeam "Chania OA"]
[BlackTeam "Triandrias OF"]
[WhiteTeamCountry "GRE"]
[BlackTeamCountry "GRE"]

1. e4 c5 2. Nf3 d6 3. Bb5+ Nd7 4. c3 Ngf6 5. Qe2 a6 6. Ba4 b5 7. Bc2 Bb7 8. 0-0 e6 9. d4 Be7 10. Bf4 Qc7 11. Bd3 e5 12. Bg5 0-0 13. a4 h6 14. Bh4 exd4 15. cxd4 c4 16. Bc2 Rfe8 17. axb5 Nxe4 18. Bxe7 Rxe7 19. bxa6 Ndf6 20. Re1 Re6 21. Qd1 Rxa6 22. Rxa6 Bxa6 23. Nbd2 Nxd2 24. Qxd2 Rxe1+ 25. Qxe1 Bb7 26. Qe3 Qa5 27. Qe1 Qa2 28. Qb1 Qa7 29. Qd1 g6 30. Ne1 Qb6 31. b3 cxb3 32. Bxb3 Qb4 33. f3 Kg7 34. Kf2 Ba6 35. Ke3 Qc3+ 36. Nd3 h5 37. Ba2 Bxd3 38. Qxd3 Qe1+ 39. Qe2 Qg1+ 40. Kd3 Qxh2 41. Qe7 d5 42. Qe2 h4 43. Kd2 Qg1 44. Kc3 Qa1+ 45. Kd3 Qc1 46. Qd2 Qf1+ 47. Kc3 h3 48. gxh3 Qxf3+ 49. Qd3 Ne4+ 50. Kc2 Qg2+ 51. Kb1 Nf6 52. Bb3 Qf2 53. Kc1 Qe1+ 54. Kc2 Kf8 55. Qc3 Qf2+ 56. Kb1 Kg7 57. Qd3 Kh6 58. Kc1 Kg5 59. Qc3 Qf4+ 60. Kb1 Kh4 61. Ba2 Qf1+ 62. Kb2 Qg2+ 63. Kb1 Qxh3 64. Qe1+ Kg5 65. Kc1 Qa3+ 66. Kb1 Qd3+ 0-1

[Event "GRE-chT 46th"]
[Site "Rio Achaia"]
[Date "2018.07.10"]
[Round "1.16"]
[White "Moshovakis, Aggelos"]
[Black "Bebis, Epaminondas Alexand"]
[Result "1-0"]
[WhiteElo "1964"]
[BlackElo "1554"]
[PlyCount "83"]
[EventDate "2018.07.10"]
[EventType "team"]
[EventRounds "7"]
[EventCountry "GRE"]
[SourceTitle "CBM 185 Extra"]
[Source "ChessBase"]
[SourceDate "2018.07.29"]
[SourceVersion "1"]
[SourceVersionDate "2018.07.29"]
[SourceQuality "1"]
[WhiteTeam "Chania OA"]
[BlackTeam "Ioannites Skakiston"]
[WhiteTeamCountry "GRE"]
[BlackTeamCountry "GRE"]

1. e4 c6 2. Nc3 d5 3. Nf3 Bg4 4. h3 Bxf3 5. Qxf3 e6 6. d3 Bb4 7. a3 Qa5 8. Bd2 d4 9. Nb1 Na6 10. c3 dxc3 11. Nxc3 Be7 12. Qg3 Qb6 13. Qxg7 Bf6 14. Qg3 Ne7 15. 0-0-0 Nc5 16. Kb1 Rg8 17. Qe3 0-0-0 18. e5 Nf5 19. Qe1 Be7 20. g4 Nd4 21. Be3 Ncb3 22. Ka2 Qa6 23. Ne2 Nc2 24. Qc3 Nxe3 25. fxe3 Nc5 26. d4 Ne4 27. Qc2 f5 28. gxf5 exf5 29. Ng3 Qa5 30. Nxf5 Bxa3 31. Qxe4 Bxb2+ 32. Kxb2 Qb4+ 33. Kc2 Rd5 34. Qd3 Rb5 35. Nd6+ Kb8 36. Nxb5 cxb5 37. Qb3 Rc8+ 38. Kb2 Qf8 39. Rh2 Qf3 40. Rc2 Rf8 41. Bg2 Qh5 42. Qd5 1-0

[Event "GRE-chT 45th"]
[Site "Achaia"]
[Date "2017.07.06"]
[Round "5.6"]
[White "Moshovakis, Aggelos"]
[Black "Vlahakis, Nikolaos"]
[Result "1-0"]
[WhiteElo "2039"]
[BlackElo "1563"]
[PlyCount "89"]
[EventDate "2017.07.03"]
[EventType "team-swiss"]
[EventRounds "7"]
[EventCountry "GRE"]
[SourceTitle "CBM 179 Extra"]
[Source "ChessBase"]
[SourceDate "2017.08.23"]
[SourceVersion "1"]
[SourceVersionDate "2017.08.23"]
[SourceQuality "1"]
[WhiteTeam "Chania OA"]
[BlackTeam "Kalamata Poseidon"]
[WhiteTeamCountry "GRE"]
[BlackTeamCountry "GRE"]

1. e4 e5 2. Nf3 Nc6 3. Bb5 d6 4. d4 Bd7 5. Nc3 exd4 6. Nxd4 Nf6 7. 0-0 Be7 8. Bc4 0-0 9. Kh1 Nxd4 10. Qxd4 Be6 11. Bxe6 fxe6 12. e5 c5 13. Qd1 dxe5 14. Qe2 Bd6 15. Bg5 h6 16. Bh4 Qb6 17. Qb5 Be7 18. Kg1 Nd5 19. Qxb6 axb6 20. Nxd5 Bxh4 21. Nxb6 Rad8 22. g3 Bf6 23. Rad1 Rf7 24. c3 Rc7 25. Rxd8+ Bxd8 26. Rd1 Be7 27. Rd7 Rxd7 28. Nxd7 Bd6 29. Kg2 e4 30. Nb6 Kf7 31. Nc4 Be7 32. Nd2 Kf6 33. Nxe4+ Ke5 34. f3 b5 35. Kf2 c4 36. Ke2 g5 37. h3 h5 38. Ke3 Bd8 39. Nxg5 Bxg5+ 40. f4+ Bxf4+ 41. gxf4+ Kf5 42. b3 cxb3 43. axb3 e5 44. fxe5 Kxe5 45. h4 1-0

[Event "GRE-ch U18"]
[Site "Achaia"]
[Date "2017.07.02"]
[Round "7"]
[White "Moshovakis, Aggelos"]
[Black "Kouskoutis, Georgios Alexandros"]
[Result "0-1"]
[WhiteElo "2092"]
[BlackElo "2242"]
[PlyCount "98"]
[EventDate "2017.06.26"]
[EventType "swiss"]
[EventRounds "7"]
[EventCountry "GRE"]
[SourceTitle "CBM 179 Extra"]
[Source "ChessBase"]
[SourceDate "2017.08.23"]
[SourceVersion "1"]
[SourceVersionDate "2017.08.23"]
[SourceQuality "1"]

1. e4 c5 2. Nf3 g6 3. d4 cxd4 4. Qxd4 Nf6 5. Nc3 Nc6 6. Qa4 d6 7. e5 dxe5 8. Nxe5 Bd7 9. Nxd7 Qxd7 10. Be2 Bg7 11. 0-0 0-0 12. Be3 a6 13. Qh4 b5 14. Rfd1 Qe6 15. g4 Ne4 16. Nxe4 Qxe4 17. c3 Rad8 18. Rac1 Rxd1+ 19. Bxd1 Ne5 20. Qh3 Rd8 21. b3 Rc8 22. Bd2 Qd5 23. Rc2 a5 24. Qg2 Qe6 25. Qe4 f5 26. gxf5 gxf5 27. Qe2 Qg6+ 28. Kh1 Qc6+ 29. Kg1 Kh8 30. f3 Bf6 31. Be3 Rg8+ 32. Kf1 Ng6 33. c4 b4 34. Qd3 f4 35. Bd4 e5 36. Bf2 Rd8 37. Qe2 e4 38. fxe4 Qe6 39. Qg4 Qxe4 40. Qf3 Qf5 41. Rc1 Ne5 42. Qh5 Qd3+ 43. Be2 Qe4 44. Rd1 Rg8 45. Bg1 Qg2+ 46. Ke1 Qxg1+ 47. Kd2 Qe3+ 48. Kc2 Qc3+ 49. Kb1 Ng6 0-1

[Event "GRE-ch U18"]
[Site "Achaia"]
[Date "2017.06.29"]
[Round "4"]
[White "Moshovakis, Aggelos"]
[Black "Ballas, Athanasios Panag"]
[Result "1-0"]
[WhiteElo "2092"]
[BlackElo "2015"]
[PlyCount "119"]
[EventDate "2017.06.26"]
[EventType "swiss"]
[EventRounds "7"]
[EventCountry "GRE"]
[SourceTitle "CBM 179 Extra"]
[Source "ChessBase"]
[SourceDate "2017.08.23"]
[SourceVersion "1"]
[SourceVersionDate "2017.08.23"]
[SourceQuality "1"]

1. e4 c5 2. Nf3 d6 3. d4 cxd4 4. Qxd4 a6 5. c4 Nc6 6. Qd2 g6 7. b3 Nf6 8. Nc3 h5 9. Bb2 Bh6 10. Qd1 0-0 11. Bd3 Bg4 12. h3 Bxf3 13. Qxf3 Bg7 14. 0-0 Nd7 15. Rad1 Qa5 16. Bb1 b5 17. cxb5 axb5 18. Rc1 Rac8 19. Qe2 Nd4 20. Qe3 Nc6 21. Rfd1 Nc5 22. Rd5 Kh7 23. Kh1 Nb4 24. Rdd1 Ne6 25. a3 Nc6 26. b4 Qa7 27. Qxa7 Nxa7 28. Re1 Nc6 29. Bd3 Nf4 30. Bxb5 Nd4 31. g3 Nxb5 32. Nxb5 Nd3 33. Bxg7 Nxe1 34. Bxf8 Rxc1 35. Bxe7 Nc2+ 36. Kg2 Ra1 37. Nxd6 Rxa3 38. b5 Rb3 39. Bd8 Nd4 40. b6 Nb5 41. Nxf7 Kg7 42. Ne5 Nd6 43. f3 Rb2+ 44. Kf1 Nc8 45. Nc4 Rb3 46. Ke2 Kf7 47. Kd2 Ke8 48. Kc2 Rb4 49. Kc3 Rxc4+ 50. Kxc4 Kxd8 51. Kb5 Ne7 52. Ka6 Kc8 53. Ka7 Nc6+ 54. Ka8 Na5 55. f4 Nb7 56. g4 hxg4 57. hxg4 Nc5 58. g5 Nd7 59. b7+ Kc7 60. f5 1-0

[Event "Heraklion op 20th"]
[Site "Heraklion"]
[Date "2017.04.22"]
[Round "7"]
[White "Moshovakis, Aggelos"]
[Black "Sredojevic, Ivan"]
[Result "1/2-1/2"]
[WhiteElo "2030"]
[BlackElo "2351"]
[PlyCount "107"]
[EventDate "2017.04.17"]
[EventType "swiss"]
[EventRounds "9"]
[EventCountry "GRE"]
[SourceTitle "CBM 177 Extra"]
[Source "ChessBase"]
[SourceDate "2017.04.27"]
[SourceVersion "1"]
[SourceVersionDate "2017.04.27"]
[SourceQuality "1"]

1. e4 c6 2. d4 d5 3. Nc3 dxe4 4. Nxe4 Bf5 5. Ng3 Bg6 6. Nf3 Nd7 7. h4 h6 8. Bd3 Bxd3 9. Qxd3 e6 10. Bf4 Qa5+ 11. Bd2 Bb4 12. c3 Be7 13. c4 Qc7 14. 0-0-0 Ngf6 15. Ne4 Nxe4 16. Qxe4 Nf6 17. Qe2 0-0 18. g4 Nxg4 19. Rdg1 h5 20. Ne5 Bf6 21. Nxg4 hxg4 22. Qxg4 Rfd8 23. Bc3 c5 24. d5 Bxc3 25. bxc3 Qe5 26. Qg3 Qxg3 27. Rxg3 exd5 28. Rhg1 dxc4 29. Rxg7+ Kf8 30. h5 Ke7 31. h6 Rd3 32. Rh1 Rxc3+ 33. Kb2 Rd3 34. h7 Rh8 35. Rg8 Rd8 36. Rxd8 Kxd8 37. Kc3 b5 38. a4 bxa4 39. Kxc4 a3 40. Kxc5 a2 41. Ra1 Rxh7 42. Rxa2 f6 43. Kd6 Rb7 44. Ke6 Rb6+ 45. Kf7 a6 46. f4 Kc7 47. f5 Rc6 48. Re2 a5 49. Re6 a4 50. Kxf6 a3 51. Kf7 Rxe6 52. fxe6 a2 53. e7 a1Q 54. e8Q 1/2-1/2

[Event "Heraklion op 20th"]
[Site "Heraklion"]
[Date "2017.04.20"]
[Round "5"]
[White "Moshovakis, Aggelos"]
[Black "Wallace, Paul Anthony"]
[Result "1/2-1/2"]
[WhiteElo "2030"]
[BlackElo "2231"]
[PlyCount "64"]
[EventDate "2017.04.17"]
[EventType "swiss"]
[EventRounds "9"]
[EventCountry "GRE"]
[SourceTitle "CBM 177 Extra"]
[Source "ChessBase"]
[SourceDate "2017.04.27"]
[SourceVersion "1"]
[SourceVersionDate "2017.04.27"]
[SourceQuality "1"]

1. e4 c5 2. Nf3 Nc6 3. d3 g6 4. g3 Bg7 5. Bg2 e6 6. 0-0 Nge7 7. c3 d5 8. Nbd2 0-0 9. Re1 Qc7 10. exd5 Nxd5 11. Nb3 b6 12. d4 cxd4 13. Nbxd4 Nxd4 14. Nxd4 Bb7 15. Qe2 a6 16. Nc2 Rac8 17. Ne3 Nxe3 18. Bxe3 Bxg2 19. Kxg2 b5 20. a4 bxa4 21. Qxa6 Ra8 22. Qe2 Qb7+ 23. Kg1 Rfb8 24. Ra2 Qb3 25. Rea1 a3 26. Rxa3 Rxa3 27. Rxa3 Qd5 28. Qd2 Qe4 29. Ra7 h5 30. Qd7 Qb1+ 31. Kg2 Qe4+ 32. Kg1 Qb1+ 1/2-1/2

[Event "Heraklion op 20th"]
[Site "Heraklion"]
[Date "2017.04.17"]
[Round "1"]
[White "Moshovakis, Aggelos"]
[Black "Galanakis, Nikos"]
[Result "1-0"]
[WhiteElo "2030"]
[BlackElo "1588"]
[PlyCount "59"]
[EventDate "2017.04.17"]
[EventType "swiss"]
[EventRounds "9"]
[EventCountry "GRE"]
[SourceTitle "CBM 177 Extra"]
[Source "ChessBase"]
[SourceDate "2017.04.27"]
[SourceVersion "1"]
[SourceVersionDate "2017.04.27"]
[SourceQuality "1"]

1. e4 e6 2. d3 d5 3. Nd2 Nf6 4. Ngf3 Be7 5. g3 0-0 6. Bg2 Nbd7 7. e5 Ne8 8. d4 c5 9. c3 cxd4 10. cxd4 Nb8 11. 0-0 Nc6 12. Re1 Bd7 13. Nf1 Qb6 14. h4 Rc8 15. Ne3 Nc7 16. Ng4 Bb4 17. Bh6 Bxe1 18. Bxg7 Bxf2+ 19. Kxf2 Qxb2+ 20. Kg1 Kxg7 21. Rb1 Qc3 22. Rb3 Qc4 23. Qd2 f5 24. Qh6+ Kf7 25. Qxh7+ Ke8 26. Nf6+ Rxf6 27. exf6 Qc1+ 28. Kh2 Kd8 29. Ne5 Nxe5 30. Qe7# 1-0

[Event "Heraklion op 19th"]
[Site "Heraklion"]
[Date "2017.01.05"]
[Round "5"]
[White "Fragiadakis, Emanouel"]
[Black "Moshovakis, Aggelos"]
[Result "1/2-1/2"]
[WhiteElo "1818"]
[BlackElo "2050"]
[PlyCount "109"]
[EventDate "2017.01.02"]
[EventType "swiss"]
[EventRounds "9"]
[EventCountry "GRE"]
[SourceTitle "CBM 176 Extra"]
[Source "ChessBase"]
[SourceDate "2017.03.02"]
[SourceVersion "1"]
[SourceVersionDate "2017.03.02"]
[SourceQuality "1"]

1. d4 Nf6 2. c4 c6 3. Nf3 d5 4. e3 Bf5 5. Nc3 e6 6. Nh4 Bg4 7. Qb3 Qb6 8. h3 Bh5 9. g4 Bg6 10. Nxg6 hxg6 11. Bg2 Nbd7 12. Bd2 Be7 13. 0-0-0 Qxb3 14. axb3 g5 15. Rhe1 0-0-0 16. c5 e5 17. b4 a6 18. Ne2 Ne4 19. Rf1 exd4 20. exd4 Nxd2 21. Kxd2 Nf8 22. f4 gxf4 23. Nxf4 Bg5 24. Kd3 Bxf4 25. Rxf4 f6 26. Re1 Kd7 27. Rf3 Ne6 28. Kc3 Rde8 29. Rfe3 Nf4 30. Bf1 Rxe3+ 31. Rxe3 g5 32. Kd2 Ne6 33. Kc3 Nf4 34. Kd2 Rh6 35. Kc3 Rh7 36. Kd2 Rh8 37. Kc3 Rf8 38. Bd3 Kd8 39. Kd2 Rh8 40. Bf1 Kd7 41. Kc3 Ne6 42. Bd3 Nf4 43. Bf1 Ra8 44. Kd2 Rf8 45. Bd3 Nxd3 46. Kxd3 Rf7 47. Ke2 f5 48. gxf5 Rxf5 49. Rf3 Ke6 50. Rxf5 Kxf5 51. Kf3 Kg6 52. Kg2 Kh6 53. Kf3 Kg7 54. Kg3 Kg6 55. Kg2 1/2-1/2

[Event "Heraklion op 18th"]
[Site "Heraklion"]
[Date "2016.09.06"]
[Round "5"]
[White "Lirindzakis, Timotheos"]
[Black "Moshovakis, Aggelos"]
[Result "1/2-1/2"]
[WhiteElo "2195"]
[BlackElo "1958"]
[PlyCount "51"]
[EventDate "2016.09.03"]
[EventType "swiss"]
[EventRounds "9"]
[EventCountry "GRE"]
[SourceTitle "CBM 174 Extra"]
[Source "ChessBase"]
[SourceDate "2016.10.10"]
[SourceVersion "1"]
[SourceVersionDate "2016.10.10"]
[SourceQuality "1"]

1. d4 d5 2. c4 c6 3. cxd5 cxd5 4. Bf4 Nf6 5. Nc3 Nc6 6. e3 a6 7. Be2 Bf5 8. g4 Bc8 9. Bf3 e6 10. Nge2 Be7 11. Rc1 0-0 12. 0-0 Bd7 13. Bg3 Rc8 14. Nf4 Na5 15. Nd3 Nc4 16. b3 Nd6 17. Nc5 Bc6 18. Be2 Nfe4 19. N3xe4 Nxe4 20. Nxe4 dxe4 21. Rc3 Bd5 22. Qc2 Ba3 23. Rb1 Rxc3 24. Qxc3 Qc8 25. Qxc8 Rxc8 26. Bd1 1/2-1/2

[Event "Heraklion Gazi op 12th"]
[Site "Malevizi"]
[Date "2016.08.05"]
[Round "9"]
[White "Moshovakis, Aggelos"]
[Black "Klokas, Konstantinos"]
[Result "0-1"]
[WhiteElo "1933"]
[BlackElo "2106"]
[PlyCount "128"]
[EventDate "2016.07.28"]
[EventType "swiss"]
[EventRounds "9"]
[EventCountry "GRE"]
[SourceTitle "CBM 173 Extra"]
[Source "ChessBase"]
[SourceDate "2016.08.29"]
[SourceVersion "1"]
[SourceVersionDate "2016.08.29"]
[SourceQuality "1"]

1. e4 c5 2. b3 g6 3. Bb2 Nf6 4. g3 d6 5. Bg2 Bg7 6. Ne2 Nc6 7. 0-0 h5 8. d4 h4 9. dxc5 dxc5 10. Qxd8+ Nxd8 11. Nbc3 hxg3 12. hxg3 Ng4 13. Rfd1 Ne6 14. Na4 Bxb2 15. Nxb2 Bd7 16. Nd3 0-0-0 17. Nef4 Nxf4 18. Nxf4 g5 19. Nd3 b6 20. Re1 Bb5 21. Bf3 Nh2 22. Be2 Rh7 23. Kg2 Bc6 24. Rh1 Rdh8 25. f3 g4 26. Nf2 f5 27. Rad1 Kc7 28. a4 e6 29. Rd2 a6 30. Bd1 b5 31. axb5 axb5 32. Be2 gxf3+ 33. Bxf3 Nxf3 34. Rxh7+ Rxh7 35. Kxf3 Rh2 36. Kf4 Rh5 37. Re2 fxe4 38. g4 Rh2 39. Kg3 Rh8 40. Nxe4 Bxe4 41. Rxe4 Kd6 42. g5 e5 43. Rh4 Rg8 44. Rh6+ Kd5 45. Kg4 e4 46. Rh3 Ke5 47. Rh7 e3 48. Re7+ Kd4 49. Re6 b4 50. g6 Rf8 51. Kg3 e2 52. Rxe2 Rf6 53. g7 Rg6+ 54. Kf2 Rxg7 55. Ke1 Kc3 56. Re5 Kxc2 57. Rxc5+ Kxb3 58. Kd2 Rg2+ 59. Kc1 Rg1+ 60. Kd2 Kb2 61. Rb5 b3 62. Kd3 Rg3+ 63. Kc4 Rc3+ 64. Kd4 Rc8 0-1

[Event "GRE-ch U16"]
[Site "Porto Rio"]
[Date "2016.07.03"]
[Round "8"]
[White "Paterakis, Emmanouil"]
[Black "Moshovakis, Aggelos"]
[Result "0-1"]
[WhiteElo "1782"]
[BlackElo "1933"]
[PlyCount "86"]
[EventDate "2016.06.28"]
[EventType "swiss"]
[EventRounds "9"]
[EventCountry "GRE"]
[SourceTitle "CBM 173 Extra"]
[Source "ChessBase"]
[SourceDate "2016.08.29"]
[SourceVersion "1"]
[SourceVersionDate "2016.08.29"]
[SourceQuality "1"]

1. e4 d5 2. exd5 Qxd5 3. Nc3 Qd8 4. d4 Nf6 5. Bc4 a6 6. a4 Nc6 7. Nge2 Bf5 8. 0-0 e6 9. Be3 Be7 10. Bd3 Bxd3 11. Qxd3 0-0 12. Nf4 Nb4 13. Qe2 Nbd5 14. Ncxd5 Nxd5 15. c3 Nxf4 16. Bxf4 c6 17. Rfe1 Bf6 18. Qc2 Qa5 19. Qb3 b5 20. axb5 Qxb5 21. Qc2 Rfd8 22. Ra4 c5 23. dxc5 Qxc5 24. Be3 Qc6 25. Rea1 Rdb8 26. Qe2 h6 27. h3 Qb7 28. Rb4 Qc8 29. Rxb8 Qxb8 30. Rxa6 Rxa6 31. Qxa6 Qxb2 32. Qc8+ Kh7 33. c4 Be5 34. g3 Qb1+ 35. Kh2 h5 36. h4 Qe4 37. Qd8 f6 38. c5 Qxh4+ 39. Kg2 Qe4+ 40. Kh2 h4 41. c6 hxg3+ 42. Kg1 gxf2+ 43. Bxf2 Qxc6 0-1

[Event "Heraklion op 17th"]
[Site "Heraklion"]
[Date "2016.05.09"]
[Round "9"]
[White "Moshovakis, Aggelos"]
[Black "Aggeletos, Marios"]
[Result "1-0"]
[WhiteElo "1905"]
[BlackElo "1822"]
[PlyCount "99"]
[EventDate "2016.05.02"]
[EventType "swiss"]
[EventRounds "9"]
[EventCountry "GRE"]
[SourceTitle "CBM 172 Extra"]
[Source "ChessBase"]
[SourceDate "2016.06.21"]
[SourceVersion "1"]
[SourceVersionDate "2016.06.21"]
[SourceQuality "1"]

1. e4 c5 2. Nc3 d6 3. f4 g6 4. Nf3 Bg7 5. Bb5+ Bd7 6. Bc4 Nc6 7. 0-0 e6 8. d3 Nge7 9. f5 gxf5 10. Ng5 Ne5 11. Qh5 N7g6 12. exf5 d5 13. Nxf7 Nxf7 14. fxg6 hxg6 15. Qf3 Ne5 16. Qg3 dxc4 17. Bf4 Qh4 18. Bxe5 Qxg3 19. Bxg3 cxd3 20. cxd3 0-0-0 21. Ne4 Bd4+ 22. Kh1 Be8 23. Nd6+ Kd7 24. Nxb7 Rc8 25. Nd6 Rc6 26. Nc4 Rh5 27. Rae1 Ke7 28. Be5 Bxe5 29. Nxe5 Rd6 30. g4 Rh4 31. Kg2 g5 32. Re3 Ra6 33. a3 Rb6 34. Rf2 Rb3 35. Kg3 Rh6 36. h3 Rf6 37. Rc2 Rf1 38. Rxc5 Rxb2 39. Nf3 Kf6 40. Nxg5 Rg1+ 41. Kh4 Bd7 42. Rc7 Rb5 43. Nf3 Rg2 44. Rxd7 Rb8 45. Rh7 Rb5 46. Rxa7 Rb8 47. Rh7 Ra8 48. Ng5 e5 49. Kh5 Rh2 50. Rf7# 1-0

[Event "Heraklion op 17th"]
[Site "Heraklion"]
[Date "2016.05.03"]
[Round "3"]
[White "Papidakis, Georgios"]
[Black "Moshovakis, Aggelos"]
[Result "1/2-1/2"]
[WhiteElo "1338"]
[BlackElo "1905"]
[PlyCount "169"]
[EventDate "2016.05.02"]
[EventType "swiss"]
[EventRounds "9"]
[EventCountry "GRE"]
[SourceTitle "CBM 172 Extra"]
[Source "ChessBase"]
[SourceDate "2016.06.21"]
[SourceVersion "1"]
[SourceVersionDate "2016.06.21"]
[SourceQuality "1"]

1. d4 d5 2. c4 c6 3. cxd5 cxd5 4. Bf4 Nf6 5. e3 Nc6 6. Nc3 a6 7. Nf3 Bg4 8. Be2 Qb6 9. Qd2 e6 10. a3 Na5 11. Na4 Qd8 12. Qd1 Rc8 13. Rc1 Be7 14. 0-0 0-0 15. Rxc8 Qxc8 16. Qc1 Nb3 17. Qd1 Na5 18. Qc1 Nd7 19. Qc7 Qxc7 20. Bxc7 Nc4 21. Bxc4 dxc4 22. Nb6 Nxb6 23. Bxb6 f6 24. Rc1 Rc8 25. Nd2 Rc6 26. Ba5 b6 27. Bc3 Kf7 28. f3 Bh5 29. Kf2 Ke8 30. Nf1 Kd7 31. Be1 Kc7 32. Nd2 b5 33. Nb1 Kb6 34. Nc3 Bf7 35. Na2 a5 36. Ke2 Rd6 37. Bg3 Rd7 38. Bf2 Ka6 39. Be1 e5 40. dxe5 fxe5 41. Bg3 Bf6 42. Nc3 b4 43. Ne4 Kb5 44. axb4 axb4 45. Rd1 Ra7 46. Nd6+ Kc6 47. Nxf7 Rxf7 48. Be1 Kb5 49. Rd5+ Ka4 50. Rc5 Kb3 51. Rb5 Be7 52. Rb7 Kxb2 53. Bxb4 Bxb4 54. Rxf7 c3 55. Rxg7 c2 56. Rc7 Bc3 57. Rb7+ Ka3 58. Ra7+ Kb4 59. Rb7+ Ka5 60. Ra7+ Kb5 61. Ra1 Bxa1 62. Kd2 Kc4 63. Kxc2 Bc3 64. g3 Ba5 65. Kd1 Kd3 66. e4 Ke3 67. f4 Kf2 68. fxe5 Kg2 69. e6 Bb4 70. Ke2 Kxh2 71. Kf3 Kh3 72. Kf4 Bd6+ 73. e5 Be7 74. g4 Kh4 75. Kf5 Bg5 76. e7 Bxe7 77. Kf4 h6 78. Kf3 Kh3 79. Kf4 Kg2 80. Kf5 Kg3 81. Kg6 Bg5 82. Kh5 Kf4 83. e6 Ke5 84. e7 Bxe7 85. Kxh6 1/2-1/2

[Event "Heraklion op 16th"]
[Site "Heraklion"]
[Date "2016.01.06"]
[Round "5"]
[White "Moshovakis, Aggelos"]
[Black "Hristodoulaki, Antonia"]
[Result "1-0"]
[WhiteElo "1782"]
[BlackElo "1985"]
[PlyCount "66"]
[EventDate "2016.01.03"]
[EventType "swiss"]
[EventRounds "9"]
[EventCountry "GRE"]
[SourceTitle "EXT 2024"]
[Source "ChessBase"]
[SourceDate "2023.10.10"]
[SourceVersion "1"]
[SourceVersionDate "2023.10.10"]
[SourceQuality "1"]

1. e4 c5 2. Nc3 Nc6 3. f4 e6 4. Nf3 d5 5. Bb5 Nf6 6. Qe2 Be7 7. 0-0 0-0 8. Bxc6 bxc6 9. d3 Ba6 10. b3 Rb8 11. Bd2 Qb6 12. Na4 Qc7 13. c4 Rbd8 14. Qe1 Qb7 15. e5 Nd7 16. Qf2 d4 17. Rae1 Nb6 18. Nb2 Qc7 19. Ng5 Bc8 20. Qf3 f6 21. exf6 Rxf6 22. Qh5 h6 23. Ne4 Rf5 24. Qg6 Bd6 25. g4 Rff8 26. f5 Qf7 27. Qxf7+ Rxf7 28. fxe6 Rxf1+ 29. Kxf1 Be7 30. Ba5 Re8 31. Bxb6 axb6 32. Na4 Bxe6 33. Nxb6 Bxg4 1-0

[Event "Heraklion op 16th"]
[Site "Heraklion"]
[Date "2016.01.04"]
[Round "2.2"]
[White "Kelires, Andreas"]
[Black "Moshovakis, Aggelos"]
[Result "1-0"]
[WhiteElo "2444"]
[BlackElo "1782"]
[PlyCount "36"]
[EventDate "2016.01.03"]
[EventType "swiss"]
[EventRounds "9"]
[EventCountry "GRE"]
[SourceTitle "EXT 2024"]
[Source "ChessBase"]
[SourceDate "2023.10.10"]
[SourceVersion "1"]
[SourceVersionDate "2023.10.10"]
[SourceQuality "1"]

1. d4 d5 2. c4 c6 3. Nf3 Nf6 4. g3 Bf5 5. Nc3 e6 6. Nh4 Bg4 7. h3 Bh5 8. g4 Bg6 9. Qb3 Qb6 10. Nxg6 hxg6 11. Bg2 Nbd7 12. e3 Be7 13. Bd2 Qxb3 14. axb3 g5 15. 0-0 a6 16. f4 Nh7 17. f5 Bf6 18. Ne2 0-0 1-0